<?xml version="1.0" encoding="UTF-8"?>
<record
    xmlns:xsi="http://www.w3.org/2001/XMLSchema-instance"
    xsi:schemaLocation="http://www.loc.gov/MARC21/slim http://www.loc.gov/standards/marcxml/schema/MARC21slim.xsd"
    xmlns="http://www.loc.gov/MARC21/slim">

  <leader>00474nam a22001337a 4500</leader>
  <datafield tag="040" ind1=" " ind2=" ">
    <subfield code="c">RUA</subfield>
  </datafield>
  <datafield tag="082" ind1=" " ind2=" ">
    <subfield code="a">LMA TAN 2015 B495 O.r1</subfield>
  </datafield>
  <datafield tag="100" ind1=" " ind2=" ">
    <subfield code="a">TANG EANGIM; &#x178F;&#x17B6;&#x17C6;&#x1784; &#x17A2;&#x17C0;&#x1784;&#x1784;&#x17B9;&#x1798;</subfield>
  </datafield>
  <datafield tag="245" ind1=" " ind2=" ">
    <subfield code="a">Study on borey development in phnom penh, &#x179F;&#x17B7;&#x1780;&#x17D2;&#x179F;&#x17B6;&#x17A2;&#x17C6;&#x1796;&#x17B8;&#x1780;&#x17B6;&#x179A;&#x17A2;&#x1797;&#x17B7;&#x179C;&#x178C;&#x17D2;&#x178D;&#x1794;&#x17BB;&#x179A;&#x17B8;&#x1793;&#x17C5;&#x179A;&#x17B6;&#x1787;&#x1792;&#x17B6;&#x1793;&#x17B8;&#x1797;&#x17D2;&#x1793;&#x17C6;&#x1796;&#x17C1;&#x1789;</subfield>
  </datafield>
  <datafield tag="260" ind1=" " ind2=" ">
    <subfield code="a">Phnom Penh</subfield>
    <subfield code="b">RUA</subfield>
    <subfield code="c">2015</subfield>
  </datafield>
  <datafield tag="300" ind1=" " ind2=" ">
    <subfield code="a">x,40p.</subfield>
    <subfield code="b">ill.</subfield>
    <subfield code="c">29cm.</subfield>
  </datafield>
  <datafield tag="856" ind1=" " ind2=" ">
    <subfield code="u">TANG EANGIM</subfield>
  </datafield>
  <datafield tag="942" ind1=" " ind2=" ">
    <subfield code="c">LMA</subfield>
  </datafield>
  <datafield tag="999" ind1=" " ind2=" ">
    <subfield code="c">8303</subfield>
    <subfield code="d">8303</subfield>
  </datafield>
  <datafield tag="952" ind1=" " ind2=" ">
    <subfield code="0">0</subfield>
    <subfield code="1">0</subfield>
    <subfield code="2">ddc</subfield>
    <subfield code="4">0</subfield>
    <subfield code="6">LMA_TAN_2015_000000000000000_B495_O_R1</subfield>
    <subfield code="7">0</subfield>
    <subfield code="9">47722</subfield>
    <subfield code="a">LBB</subfield>
    <subfield code="b">LBB</subfield>
    <subfield code="c">B495</subfield>
    <subfield code="d">2016-07-04</subfield>
    <subfield code="o">LMA TAN 2015 B495 O.r1</subfield>
    <subfield code="p">RUA058209</subfield>
    <subfield code="r">2016-07-04</subfield>
    <subfield code="w">2016-07-04</subfield>
    <subfield code="y">LMA</subfield>
  </datafield>
  <datafield tag="952" ind1=" " ind2=" ">
    <subfield code="0">0</subfield>
    <subfield code="1">0</subfield>
    <subfield code="2">ddc</subfield>
    <subfield code="4">0</subfield>
    <subfield code="6">LMA_TAN_2015_000000000000000_B495_O_R2</subfield>
    <subfield code="7">0</subfield>
    <subfield code="9">47723</subfield>
    <subfield code="a">LBB</subfield>
    <subfield code="b">LBB</subfield>
    <subfield code="c">B495</subfield>
    <subfield code="d">2016-07-04</subfield>
    <subfield code="l">2</subfield>
    <subfield code="o">LMA TAN 2015 B495 O.r2</subfield>
    <subfield code="p">RUA058334</subfield>
    <subfield code="r">2019-09-02</subfield>
    <subfield code="s">2019-08-28</subfield>
    <subfield code="w">2016-07-04</subfield>
    <subfield code="y">LMA</subfield>
  </datafield>
  <datafield tag="952" ind1=" " ind2=" ">
    <subfield code="0">0</subfield>
    <subfield code="1">0</subfield>
    <subfield code="2">ddc</subfield>
    <subfield code="4">0</subfield>
    <subfield code="6">LMA_TAN_2015_000000000000000_B495_O_R3</subfield>
    <subfield code="7">0</subfield>
    <subfield code="9">47724</subfield>
    <subfield code="a">LBB</subfield>
    <subfield code="b">LBB</subfield>
    <subfield code="c">B495</subfield>
    <subfield code="d">2016-07-04</subfield>
    <subfield code="l">1</subfield>
    <subfield code="o">LMA TAN 2015 B495 O.r3</subfield>
    <subfield code="p">RUA058115</subfield>
    <subfield code="r">2022-08-09</subfield>
    <subfield code="s">2022-06-27</subfield>
    <subfield code="w">2016-07-04</subfield>
    <subfield code="y">LMA</subfield>
  </datafield>
  <datafield tag="952" ind1=" " ind2=" ">
    <subfield code="0">0</subfield>
    <subfield code="1">0</subfield>
    <subfield code="2">ddc</subfield>
    <subfield code="4">0</subfield>
    <subfield code="6">LMA_TAN_2015_000000000000000_B495_O_R4</subfield>
    <subfield code="7">0</subfield>
    <subfield code="9">47725</subfield>
    <subfield code="a">LBB</subfield>
    <subfield code="b">LBB</subfield>
    <subfield code="c">B495</subfield>
    <subfield code="d">2016-07-04</subfield>
    <subfield code="l">8</subfield>
    <subfield code="o">LMA TAN 2015 B495 O.r4</subfield>
    <subfield code="p">RUA047085</subfield>
    <subfield code="r">2022-11-29</subfield>
    <subfield code="s">2022-10-03</subfield>
    <subfield code="w">2016-07-04</subfield>
    <subfield code="y">LMA</subfield>
  </datafield>
  <datafield tag="952" ind1=" " ind2=" ">
    <subfield code="0">0</subfield>
    <subfield code="1">0</subfield>
    <subfield code="2">ddc</subfield>
    <subfield code="4">0</subfield>
    <subfield code="6">LMA_TAN_2015_000000000000000_B495_O_R5</subfield>
    <subfield code="7">0</subfield>
    <subfield code="9">47726</subfield>
    <subfield code="a">LBB</subfield>
    <subfield code="b">LBB</subfield>
    <subfield code="c">B495</subfield>
    <subfield code="d">2016-07-04</subfield>
    <subfield code="l">4</subfield>
    <subfield code="o">LMA TAN 2015 B495 O.r5</subfield>
    <subfield code="p">RUA058210</subfield>
    <subfield code="r">2022-01-24</subfield>
    <subfield code="s">2022-01-05</subfield>
    <subfield code="w">2016-07-04</subfield>
    <subfield code="y">LMA</subfield>
  </datafield>
  <datafield tag="952" ind1=" " ind2=" ">
    <subfield code="0">0</subfield>
    <subfield code="1">0</subfield>
    <subfield code="2">ddc</subfield>
    <subfield code="4">0</subfield>
    <subfield code="6">LMA_TAN_2015_000000000000000_B495_O_R6</subfield>
    <subfield code="7">0</subfield>
    <subfield code="9">47727</subfield>
    <subfield code="a">LBB</subfield>
    <subfield code="b">LBB</subfield>
    <subfield code="c">B495</subfield>
    <subfield code="d">2016-07-04</subfield>
    <subfield code="l">13</subfield>
    <subfield code="o">LMA TAN 2015 B495 O.r6</subfield>
    <subfield code="p">RUA058871</subfield>
    <subfield code="r">2022-06-28</subfield>
    <subfield code="s">2022-06-14</subfield>
    <subfield code="w">2016-07-04</subfield>
    <subfield code="y">LMA</subfield>
  </datafield>
  <datafield tag="952" ind1=" " ind2=" ">
    <subfield code="0">0</subfield>
    <subfield code="1">0</subfield>
    <subfield code="2">ddc</subfield>
    <subfield code="4">0</subfield>
    <subfield code="6">LMA_TAN_2015_000000000000000_B495_O_R7</subfield>
    <subfield code="7">0</subfield>
    <subfield code="9">47728</subfield>
    <subfield code="a">LBB</subfield>
    <subfield code="b">LBB</subfield>
    <subfield code="c">B495</subfield>
    <subfield code="d">2016-07-04</subfield>
    <subfield code="l">3</subfield>
    <subfield code="o">LMA TAN 2015 B495 O.r7</subfield>
    <subfield code="p">RUA059208</subfield>
    <subfield code="r">2023-07-21</subfield>
    <subfield code="s">2021-12-03</subfield>
    <subfield code="w">2016-07-04</subfield>
    <subfield code="y">LMA</subfield>
  </datafield>
  <datafield tag="952" ind1=" " ind2=" ">
    <subfield code="0">0</subfield>
    <subfield code="1">0</subfield>
    <subfield code="2">ddc</subfield>
    <subfield code="4">0</subfield>
    <subfield code="6">LMA_TAN_2015_000000000000000_B495_O_R8</subfield>
    <subfield code="7">0</subfield>
    <subfield code="9">47729</subfield>
    <subfield code="a">LBB</subfield>
    <subfield code="b">LBB</subfield>
    <subfield code="c">B495</subfield>
    <subfield code="d">2016-07-04</subfield>
    <subfield code="l">6</subfield>
    <subfield code="m">1</subfield>
    <subfield code="o">LMA TAN 2015 B495 O.r8</subfield>
    <subfield code="p">RUA058250</subfield>
    <subfield code="r">2022-08-05</subfield>
    <subfield code="s">2022-07-26</subfield>
    <subfield code="w">2016-07-04</subfield>
    <subfield code="y">LMA</subfield>
  </datafield>
</record>
